Электрические машины летательных аппаратов: гармонический анализ активных зон

Dettagli Bibliografici
Autore principale: Зечихин Б. С. Борис Семенович
Lingua:russo
Pubblicazione: Москва, Машиностроение, 1983
Soggetti:
Natura: MixedMaterials Libro
KOHA link:https://koha.lib.tpu.ru/cgi-bin/koha/opac-detail.pl?biblionumber=120830

MARC

LEADER 00000nam0a2200000 4500
001 120830
005 20231031125148.0
035 |a (RuTPU)RU\TPU\book\130837 
090 |a 120830 
100 |a 20070905d1983 km y0rusy50 ca 
101 0 |a rus 
102 |a RU 
105 |a a z 001zy 
200 1 |a Электрические машины летательных аппаратов  |e гармонический анализ активных зон  |f Б. С. Зечихин 
210 |a Москва  |c Машиностроение  |d 1983 
215 |a 149 с.  |c ил. 
320 |a Список литературы: с. 145-147. 
610 1 |a электрические машины 
610 1 |a летательные аппараты 
610 1 |a генерирование 
610 1 |a анализ 
675 |a 629.73.06  |v 3 
700 1 |a Зечихин  |b Б. С.  |g Борис Семенович 
801 1 |a RU  |b 63413507  |c 20070905  |g PSBO 
801 2 |a RU  |b 63413507  |c 20080923  |g PSBO 
942 |c BK